Lysosomes in biology and pathology. V 4 (Record no. 24297)
[ view plain ]
| 000 -LEADER | |
|---|---|
| fixed length control field | 00420nam a2200145Ia 4500 |
| 082 ## - DEWEY DECIMAL CLASSIFICATION NUMBER | |
| Classification number | 576.311.344 |
| Item number | DIN |
| 100 ## - MAIN ENTRY--AUTHOR NAME | |
| Personal name | DEAN, R T |
| 245 #0 - TITLE STATEMENT | |
| Title | Lysosomes in biology and pathology. V 4 |
| 260 ## - PUBLICATION, DISTRIBUTION, ETC. (IMPRINT) | |
| Place of publication | Amsterdam |
| Name of publisher | North Holland;1975 |
| 490 ## - SERIES STATEMENT | |
| Series statement | North Holland research monographs: Formation of biology; v 43 |
| 650 ## - SUBJECT ADDED ENTRY--TOPICAL TERM | |
| Topical Term | Lysosome |
| 700 ## - ADDED ENTRY--PERSONAL NAME | |
| Personal name | DINGLE, J T |
| 942 ## - ADDED ENTRY ELEMENTS (KOHA) | |
| Koha item type | Books |
| Withdrawn status | Lost status | Damaged status | Not for loan | Home library | Current library | Date acquired | Full call number | Accession Number | Koha item type |
|---|---|---|---|---|---|---|---|---|---|
| RRII Library | RRII Library | 16/12/2021 | 576.311.344 DIN | 04981 | Books |